03696nam a2200565Ia 4500001000400000008004100004010000800045041001400053082002100067245018600088260002200274300000800296520000700304630001600311630001600327630001500343630001600358630003900374650002200413690001400435700004900449700003500498700004400533901008800577902000600665903005700671904001800728905002000746906000600766907001700772908004000789909005100829910001500880911001000895912001400905913000900919914002400928915001900952916000900971917000900980918001400989919003301003520203701036921000703073922000703080923000603087924001403093942001003107999001303117290241029s9999 xx 000 0 und d a258 aEspañol aMA-LAEE001FH2013 0aUso de la literatura escrita como estrategia docente en el Segundo Ciclo de la Enseñanza Básica, Estudio del caso del 8vo. grado de la Zona Urbana del Distrito 12-01 de Higüey aDistrito Nacional a127 a30 aAprendizaje aEnseñanza aEstrategia aEstudiantes aProceso de Enseñanza-Aprendizaje aLengua Española aElaborado easesoraNúñez Fidalgo, María Virtudez  eautoraFrías Rivera , Leonel eautoraCampusano Corporán , Ramón A a{"1":"Frías Rivera ","2":"Campusano Corporán "}b{"1":"Leonel","2":"Ramón A"} a1 a{"1":"Núñez Fidalgo"}b{"1":"María Virtudez "} aMaestría en aLingüística a1 aOrientada en aEnseñanza de la Lengua Española aUniversidad Autónoma de Santo Domingo (UASD) aNULLbNULL a["1"] aNO APLICA aNULL a01 de Abril de 2013 a17/09/14 11:09 aNULL aNULL aNO APLICA a["18","202","92","96","163"] aEl objetivo principal fue evaluar como los docentes asumen el Enfoque Textual Funcional y Comunicativo de la Lengua a través de la literatura para promover las destrezas del pensamiento en los estudiantes de 8vo grado del Segundo Ciclo de Básica, del Distrito 10-02 en las escuelas públicas de la ciudad de Higüey.Este estudio es de tipo descriptivo, las técnicas que se emplearon fueron la observación directa, cuestionario, revisión de fuentes bibliográficas. La población de este estudio estuvo constituida por la totalidad de los 8vos del Segundo Ciclo de Básica, del Distrito 10-02 en las escuelas públicas de la ciudad de Higüey con sus respectivos maestros y maestras. Para muestra se tomo 46 alumnos de 8vo grado y 20 maestros y maestras.El estudio concluye que la practica pedagógicas de los docentes alcanzó la valoración de regular,  los docentes no aprovechan el Enfoque Funcional y Comunicativo,  los docentes que laboran en este centro muy pocos han estudiado Licenciatura en la Ciencia de la Educación Básica o la de filosofía y letra, la baja formación docente en el plano lingüístico-metodológico genera un distanciamiento en el uso del Enfoque Funcional y Comunicativo  y en su lugar la mayoría de los docentes se aferran, de manera inconciente, a la práctica pedagógica tradicional por lo que no logran desarrollar las competencias cognitivas esperadas en los alumnos. Un 55%de los docentes detestan  trabajar con géneros literarios y 32% le gusta emplearlo, las obras sugeridas en su mayoría eran inapropiadas lo que indica claramente la poca cultura lectora de los docentes,¡. El estudio recomienda que los docentes en el área de Lengua Española de este grado  deberían  ser Licenciado en Filosofía y Letra en letras puras o en Educación Básica; que se haga talleres con los docentes para dar a conocer  las estrategias que deben emplearse en la enseñanza de la Lengua Española y como desarrollarla a partir de textos literarios. a16 a16 a0 aNO APLICA cTesis c258d258